Normal view
MARC view
Entry Personal Name
001 - CONTROL NUMBER
- control field: 1240030
003 - CONTROL NUMBER IDENTIFIER
- control field: OSt
005 - DATE AND TIME OF LATEST TRANSACTION
- control field: 20260514122720.0
008 - FIXED-LENGTH DATA ELEMENTS
- fixed length control field: 260514|| aca||aabn | a|a d
040 ## - CATALOGING SOURCE
- Original cataloging agency: OSt
- Transcribing agency: OSt
100 ## - HEADING--PERSONAL NAME
- Personal name: Dr.R.K.Jindal
670 ## - SOURCE DATA FOUND
- Source citation: Work cat.: (OSt)1851656: Bansal Jitender 1240027, Role of Gray Scale Color Doppler Sonography and Sonographic Elastography in the Evaluation of Axillary Lymph Nodes in Breast Carcinoma.
